Loading...
| Science - Physics | 0 | 8 | 0 | 2 | 80 | 30 | 65.88 | 5 | 6 | 0.00 | 0.00 |
| Science - Biology | 0 | 8 | 1 | 1 | 75 | 48 | 76.25 | 4 | 7 | 0.00 | 0.00 |
| Fine Arts - Classical Music | 0 | 8 | 1 | 2 | 75 | 59 | 89.00 | 0 | 4 | 0.00 | 0.00 |
| Science - Other | 0 | 5 | 1 | 2 | 45 | 48 | 88.20 | 3 | 4 | 0.00 | 0.00 |
| Social Science | 0 | 3 | 0 | 0 | 30 | 41 | 56.67 | 2 | 3 | 0.00 | 0.00 |
| Science - Chemistry | 0 | 4 | 2 | 1 | 30 | 76 | 87.75 | 1 | 3 | 0.00 | 0.00 |
| Fine Arts - Other | 0 | 3 | 1 | 0 | 25 | 96 | 113.33 | 1 | 2 | 0.00 | 0.00 |
| Popular Culture | 0 | 1 | 0 | 1 | 10 | 50 | 50.00 | 0 | 0 | 0.00 | 0.00 |
| History - Other | 0 | 1 | 0 | 0 | 10 | 80 | 80.00 | 1 | 1 | 0.00 | 0.00 |
| History - American | 0 | 1 | 0 | 0 | 10 | 63 | 63.00 | 0 | 1 | 0.00 | 0.00 |
| Fine Arts - Painting and Sculpture | 0 | 1 | 0 | 0 | 10 | 125 | 125.00 | 0 | 0 | 0.00 | 0.00 |
| Literature - British | 0 | 1 | 0 | 0 | 10 | 81 | 81.00 | 1 | 1 | 0.00 | 0.00 |